000 00835nam0a22002531 4500
001 v19\rc\1898849
005 20260405223044.0
035 _a(NLR Aleph) 005261353
090 _a5905182
_c5905182
100 _a20080221d1911 |||y0rusy50 ca
101 1 _arus
_cfre
102 _aRU
105 _ay z |||a|
200 1 _aРобинзон
_eРоман
_eПер. с фр.
_fАльфред Капюс
210 _aСанкт-Петербург
_cВестн. иностр. лит.
_d[1911]
215 _a216 с.
_d21
700 1 _8rus
_7ca
_aКапюс
_bА.
_f1858-1922
_gАльфред
_3RU\NLR\AUTH\77101272
_984198
801 0 _aRU
_bNLR
_c20080221
_gpsbo
801 0 _aRU
_bRuMoRGB
_c20080221
_2psbo
801 1 _aRU
_bProSoft-M
_c20080221
_2rusmarc
801 2 _aRU
_bNLR
_c20110725
_2rusmarc
852 _aNLR
_j37.36.9.14
942 _cBOOK
980 _aNB